Home Print Resources E-Books E-Journals IIMT Lecture Series Library Membership Form Book Recommendation Form Campus Tour Take AdmissionAbout Us Contact Us

SHRI BHAGWAT- SUDHA SAGAR (Record no. 54517)

000 -LEADER
fixed length control field nam a22 7a 4500
003 - CONTROL NUMBER IDENTIFIER
control field OSt
005 - DATE AND TIME OF LATEST TRANSACTION
control field 20220915143057.0
008 - FIXED-LENGTH DATA ELEMENTS--GENERAL INFORMATION
fixed length control field 220801b xxu||||| |||| 00| 0 eng d
040 ## - CATALOGING SOURCE
Transcribing agency iimt ninversity
100 ## - MAIN ENTRY--PERSONAL NAME
Personal name VEDVYAS
245 ## - TITLE STATEMENT
Title SHRI BHAGWAT- SUDHA SAGAR
260 ## - PUBLICATION, DISTRIBUTION, ETC.
Place of publication, distribution, etc. GEETA PRESS
Name of publisher, distributor, etc. GORAKHPUR
Date of publication, distribution, etc. 2045
300 ## - PHYSICAL DESCRIPTION
Extent 1002
942 ## - ADDED ENTRY ELEMENTS (KOHA)
Source of classification or shelving scheme
Koha item type Specimen
Holdings
Withdrawn status Lost status Source of classification or shelving scheme Damaged status Not for loan Home library Current library Date acquired Source of acquisition Cost, normal purchase price Barcode Date last seen Price effective from Koha item type
          IIMT University Central Library Meerut IIMT University Central Library Meerut 08/01/2022 CHAIRMAN SIR 195.00 28-S-2690 08/01/2022 08/01/2022 Rare Book
IIMT, Central Library. All Rights Reserved IIMT,UNIVERSITY © 2023
Implemented and Customised by I CLOUDE EMS
You Are OPAC Visitor No
free web counter

Powered by Koha